000 00734nam a2200229Ii 4500
003 JO-AjNU
008 230605s9999||||xx |||||||||||||| ||und||
017 _a2009/6/2711
020 _a9957-16-371-6
040 _aJO-AjNU
_bara
_erda
_cJO-AjNU
041 _aara
050 1 4 _aLC4015.I426 2010
100 3 _aالإمام،محمد صالح ,
_eauthor
_927329
245 0 0 _aقضايا و آراء في التربية الخاصة = Issues and Views In The Special Education
250 _aط1
264 3 1 _aعمان:دار الثقافة،2010
300 _a304ص
336 _atext
_btxt
_2rdacontent
337 _aunmediated
_bn
_2rdamedia
338 _avolume
_bnc
_2rdacarrier
650 4 _aالتربية الخاصة
_927330
999 _aA10468
_c14036
_d14036